[Event "ITA-ch U20"]
[Site "Tarvisio"]
[Date "2023.07.09"]
[Round "9"]
[White "Fulgentini, Edoardo"]
[Black "Nassa, Nicolas"]
[Result "0-1"]
[WhiteElo "1702"]
[BlackElo "1727"]
[PlyCount "74"]
[EventDate "2023.07.02"]
[EventType "swiss"]
[EventRounds "9"]
[EventCountry "ITA"]
[SourceTitle "EXT 2024"]
[Source "ChessBase"]
[SourceDate "2023.10.10"]
[SourceVersion "1"]
[SourceVersionDate "2023.10.10"]
[SourceQuality "1"]

1. Nf3 d5 2. d4 c6 3. g3 Nf6 4. Bg2 e6 5. 0-0 Bd6 6. b3 Nbd7 7. Bb2 0-0 8. Nbd2 b6 9. Ne5 c5 10. e4 Bb7 11. Nxd7 Nxd7 12. dxc5 bxc5 13. exd5 exd5 14. Nc4 Nb6 15. Nxb6 Qxb6 16. Bxd5 Rad8 17. Qg4 g6 18. Bxb7 Qxb7 19. Qg5 Be7 20. Qe5 f6 21. Qe6+ Kg7 22. Rfe1 Rf7 23. Rad1 Qf3 24. Rxd8 Bxd8 25. Qe8 Ba5 26. Re7 Qd1+ 27. Kg2 Qd5+ 28. f3 Qd2+ 29. Re2 Qd6 30. Bc1 Bc3 31. Qc8 Qd1 32. Re8 Qxc2+ 33. Kh3 Qxc1 34. Rg8+ Kh6 35. Qxc5 Qf1+ 36. Kg4 f5+ 37. Kf4 Qc1+ 0-1

[Event "ITA-ch U20"]
[Site "Tarvisio"]
[Date "2023.07.08"]
[Round "8"]
[White "Di Bartolomeo, Adrian Mikail"]
[Black "Fulgentini, Edoardo"]
[Result "1/2-1/2"]
[WhiteElo "1816"]
[BlackElo "1702"]
[PlyCount "93"]
[EventDate "2023.07.02"]
[EventType "swiss"]
[EventRounds "9"]
[EventCountry "ITA"]
[SourceTitle "EXT 2024"]
[Source "ChessBase"]
[SourceDate "2023.10.10"]
[SourceVersion "1"]
[SourceVersionDate "2023.10.10"]
[SourceQuality "1"]

1. d4 Nf6 2. Bf4 c6 3. c3 g6 4. e3 d6 5. Nd2 Bg7 6. h3 Nbd7 7. Ngf3 0-0 8. Bc4 Re8 9. Bh2 e5 10. dxe5 Nxe5 11. Nxe5 dxe5 12. Qb3 Be6 13. Bxe6 Rxe6 14. Nf3 Ne4 15. Rd1 Qe7 16. 0-0 Nc5 17. Qc2 e4 18. Nd4 Bxd4 19. cxd4 Nd3 20. f3 Nb4 21. Qd2 exf3 22. Rxf3 Re8 23. Be5 Nd5 24. Rdf1 f6 25. e4 fxe5 26. exd5 cxd5 27. dxe5 Rxe5 28. g4 Qc5+ 29. R1f2 d4 30. Qf4 Qd6 31. Re2 d3 32. Rxe5 Rxe5 33. Qc4+ Qe6 34. Qxe6+ Rxe6 35. Rxd3 Re2 36. Rd8+ Kf7 37. Rd7+ Re7 38. Rd2 Kf6 39. Kg2 Rc7 40. Kg3 Ke5 41. g5 Rf7 42. h4 Ke4 43. b3 Rf3+ 44. Kg4 Rf4+ 45. Kg3 Rf3+ 46. Kg2 Rf7 47. Kg3 1/2-1/2

[Event "ITA-ch U20"]
[Site "Tarvisio"]
[Date "2023.07.06"]
[Round "6"]
[White "Fulgentini, Edoardo"]
[Black "Richichi, Valerio"]
[Result "1-0"]
[WhiteElo "1702"]
[BlackElo "1353"]
[PlyCount "99"]
[EventDate "2023.07.02"]
[EventType "swiss"]
[EventRounds "9"]
[EventCountry "ITA"]
[SourceTitle "EXT 2024"]
[Source "ChessBase"]
[SourceDate "2023.10.10"]
[SourceVersion "1"]
[SourceVersionDate "2023.10.10"]
[SourceQuality "1"]

1. e4 Nf6 2. Nc3 d5 3. exd5 Nxd5 4. d4 Nxc3 5. bxc3 g6 6. Nf3 Bg7 7. Bc4 0-0 8. 0-0 Nc6 9. Re1 b6 10. Bf4 Bb7 11. Ne5 Nxe5 12. Bxe5 Qd7 13. f3 e6 14. Qd3 Rac8 15. h4 Qe7 16. h5 Qg5 17. hxg6 Qxg6 18. Qe3 Bxe5 19. dxe5 Kg7 20. Bd3 Qh6 21. Qxh6+ Kxh6 22. Kf2 Kg7 23. Rh1 h6 24. Rh4 Rh8 25. Rah1 Rcd8 26. Kg3 Rd5 27. Be4 a5 28. Bxd5 Bxd5 29. c4 Bb7 30. Rd4 Bc6 31. a3 Ba4 32. c3 Bc6 33. Rb1 h5 34. c5 b5 35. c4 bxc4 36. Rxc4 Kg6 37. Rf4 Bd5 38. Rf6+ Kg7 39. c6 a4 40. Rb4 Bb3 41. Kh4 Bd5 42. Rxa4 Bxc6 43. Rc4 Be8 44. Rxc7 Rg8 45. Kxh5 Rh8+ 46. Kg5 Rh2 47. g4 Ra2 48. Rxe6 Ba4 49. Ree7 Bb3 50. e6 1-0

[Event "ITA-ch U20"]
[Site "Tarvisio"]
[Date "2023.07.03"]
[Round "2"]
[White "Fulgentini, Edoardo"]
[Black "Minelli, Samuele"]
[Result "1/2-1/2"]
[WhiteElo "1702"]
[BlackElo "1174"]
[PlyCount "109"]
[EventDate "2023.07.02"]
[EventType "swiss"]
[EventRounds "9"]
[EventCountry "ITA"]
[SourceTitle "EXT 2024"]
[Source "ChessBase"]
[SourceDate "2023.10.10"]
[SourceVersion "1"]
[SourceVersionDate "2023.10.10"]
[SourceQuality "1"]

1. d4 d5 2. c4 e6 3. Nc3 Nf6 4. Nf3 b6 5. cxd5 exd5 6. Bg5 Bb7 7. e3 Be7 8. Bd3 0-0 9. 0-0 Nbd7 10. Rc1 Ne4 11. Bf4 c5 12. Ne5 Rc8 13. Nxd7 Qxd7 14. dxc5 Nxc5 15. Bb1 Qc6 16. Qf3 Ne4 17. Qh3 f5 18. Rfd1 Bf6 19. Bxe4 dxe4 20. Qg3 Bxc3 21. Rxc3 Rfd8 22. Rdc1 Qd7 23. h3 Rxc3 24. Rxc3 Qd1+ 25. Kh2 Qd5 26. Qg5 Rd7 27. Bg3 Qf7 28. Qf4 Ba6 29. Qe5 Re7 30. Qd4 h6 31. Rc6 Kh7 32. a4 Bb7 33. Rc3 Rd7 34. Qc4 Qe7 35. Qb5 Rd5 36. Qc4 Rc5 37. Qd4 Rd5 38. Qc4 Qc5 39. Qb3 Qe7 40. Rc7 Rd7 41. Qc4 Rxc7 42. Bxc7 Ba6 43. Qc3 Bb7 44. b4 Qd7 45. a5 b5 46. Be5 a6 47. Qc5 Bd5 48. Qd4 Be6 49. Qc3 Bc4 50. Qd4 Qxd4 51. exd4 g5 52. g3 Kg6 53. Kg2 Kf7 54. Bd6 Ke6 55. Bc5 1/2-1/2